Statistics for Movies by Dreamworks Animated Pictures

Click here to take the quiz!

General Stats

  • This quiz has been taken 50,883 times
    (20,935 since last reset)
  • The average score is 13 of 17

Answer Stats

YearDescriptionMovie% Correct
2001Ogre and donkey go on a quest to save a princessShrek
99%
2005New York zoo animals get shipped off to an African islandMadagascar
96%
2008Chinese animal becomes a martial arts masterKung Fu Panda
92%
2010Viking teenager befriends a dragonHow to Train Your Dragon
90%
2017Baby talks like an adult and wears a business suitThe Boss Baby
87%
2011A spin-off of the ogre movie which involves a catPuss in Boots
85%
2007Honey-gathering insect files a lawsuit againt the human raceBee Movie
83%
1998The first film by Dreamworks, accused of being a ripoff of Pixar's "A Bug's Life"Antz
74%
2010Superintelligent villain actually wins, but then gets bored so he creates
a new superhero to fight against
Megamind
71%
2016Mean ugly creatures can only feel happy when they eat a small happy
creature with rainbow hair
Trolls
70%
2004Cleaner wrasse fish is on the run from the shark mafiaShark Tale
69%
2013A snail's DNA is scrambled and now he is fastTurbo
69%
2006Raccoon, squirrel, and other miscellaneous animals have adventures
in a suburban housing development
Over the Hedge
66%
2000Birds must escape a farm before they are turned into piesChicken Run
64%
2013Family of cave people never leave the cave until one cave girl
boldly ventures forth
The Croods
64%
2015Earth is invaded by cute purple space aliens called "Boovs"Home
53%
2019Girl must help a yeti get back to his home on Mt. EverestAbominable
35%

Score Distribution

Percentile by Number Answered

Percent of People with Each Score

Your Score History

You have not taken this quiz since the last reset